Kundalini Yoga (Record no. 10217)

MARC details
000 -LEADER
fixed length control field 00600nam a2200241 a 4500
020 ## - INTERNATIONAL STANDARD BOOK NUMBER
ISBN 8120847
082 00 - DEWEY DECIMAL CLASSIFICATION NUMBER
Classification number 295.543
Author Cutter RAD
100 ## - MAIN ENTRY--AUTHOR NAME
Author name Radha, Swami Sivananda
245 ## - TITLE STATEMENT
Title Kundalini Yoga
260 ## - PUBLICATION, DISTRIBUTION, ETC. (IMPRINT)
Place of publication Delhi
Name of publisher Motilal Banarsidass
Year of publication 1992
300 ## - PHYSICAL DESCRIPTION
Number of Pages 357p
500 ## - GENERAL NOTE
General note includes index and biblioraphy
505 2# - FORMATTED CONTENTS NOTE
Formatted contents note Appendix, Illustrations
650 ## - SUBJECT ADDED ENTRY--TOPICAL TERM
Topical Term Yoga
942 ## - ADDED ENTRY ELEMENTS (KOHA)
Koha item type Books
700 1# -
-- Radha, Swami Sivananda
Holdings
Collection code Home library Current library Date acquired Cost, normal purchase price Full call number Accession Number Koha item type
  Henry Martyn Institute Library Henry Martyn Institute Library 07/24/2007 295.00 295.543 RAD 018718 Books
                   Copyright © 2026 | Henry Martyn Institute | Hyderabad | TS-500052 | INDIA | Implemented by hmi.edu.in
Hit-Count:

Powered by Koha